ბათუმის შოთა რუსთაველის სახელმწიფო უნივერსიტეტის ბიბლიოთეკა

Die Gruppe 47 : (ბიბ.ჩანაწერი № 62138)

000 -LEADER
fixed length control field 01054cam a2200313 i 4500
001 - CONTROL NUMBER
control field 2800062
005 - DATE AND TIME OF LATEST TRANSACTION
control field 20240722145436.0
008 - FIXED-LENGTH DATA ELEMENTS--GENERAL INFORMATION
fixed length control field 810223s1980 gw b 000 0 ger
010 ## - LIBRARY OF CONGRESS CONTROL NUMBER
LC control number 81455497
015 ## - NATIONAL BIBLIOGRAPHY NUMBER
National bibliography number GFR***
020 ## - INTERNATIONAL STANDARD BOOK NUMBER
International Standard Book Number 3883770221 X
040 ## - CATALOGING SOURCE
Original cataloging agency DLC
Transcribing agency DLC
Modifying agency DLC
043 ## - GEOGRAPHIC AREA CODE
Geographic area code e-gx---
050 00 - LIBRARY OF CONGRESS CALL NUMBER
Classification number PT405
Item number .G78 1980
080 ## - UNIVERSAL DECIMAL CLASSIFICATION NUMBER
Universal Decimal Classification number 821.112.1D-55
110 2# - MAIN ENTRY--CORPORATE NAME
Corporate name or jurisdiction name as entry element Gruppe 47 (Germany)
9 (RLIN) 22891
245 04 - TITLE STATEMENT
Title Die Gruppe 47 :
Remainder of title Ein kritischer GrundriB /
Statement of responsibility, etc. hrsg. von Heinz Ludwig Arnold.
260 ## - PUBLICATION, DISTRIBUTION, ETC.
Place of publication, distribution, etc. München :
Name of publisher, distributor, etc. Edition Text + Kritik,
Date of publication, distribution, etc. 1987.
300 ## - PHYSICAL DESCRIPTION
Extent 328 p. ;
Dimensions 23 cm.
500 ## - GENERAL NOTE
General note "Sonderband aus der Reihe Text + Kritik."
504 ## - BIBLIOGRAPHY, ETC. NOTE
Bibliography, etc. note Bibliography: p. 327-328
610 20 - SUBJECT ADDED ENTRY--CORPORATE NAME
Corporate name or jurisdiction name as entry element Gruppe 47 (Germany)
9 (RLIN) 22891
650 #0 - SUBJECT ADDED ENTRY--TOPICAL TERM
Topical term or geographic name entry element German literature
Chronological subdivision 20th century
General subdivision History and criticism.
9 (RLIN) 22892
653 ## - INDEX TERM--UNCONTROLLED
keyword გერმანული ლიტერატურა
700 1# - ADDED ENTRY--PERSONAL NAME
Personal name Arnold, Heinz Ludwig,
Dates associated with a name 1940-2011.
9 (RLIN) 22893
710 2# - ADDED ENTRY--CORPORATE NAME
Corporate name or jurisdiction name as entry element Text und Kritik.
9 (RLIN) 22894
906 ## - LOCAL DATA ELEMENT F, LDF (RLIN)
a 7
b cbc
c orignew
d 2
e ncip
f 19
g y-gencatlg
942 ## - ADDED ENTRY ELEMENTS (KOHA)
Source of classification or shelving scheme
Koha item type წიგნი
ეგზემპლარები
Withdrawn status Lost status Source of classification or shelving scheme Damaged status Not for loan Permanent Location Current Location Shelving location Date acquired Cost, normal purchase price Full call number Barcode Date last seen Copy number Price effective from Koha item type Public note
          ბათუმის შოთა რუსთაველის სახელმწიფო უნივერსიტეტის მთავარი ბიბლიოთეკა ბათუმის შოთა რუსთაველის სახელმწიფო უნივერსიტეტის მთავარი ბიბლიოთეკა წიგნსაცავი 2024-07-22 84.00 821.112.1D-55 68815 2024-07-22 68815 2024-07-22 წიგნი 84.00